[Event "Challenge"]
[Site "http://www.queenalice.com/game.php?id=324951"]
[Date "2007.12.23"]
[Round "-"]
[White "SardeBR"]
[Black "ANUBIS_"]
[Result "1-0"]
[WhiteElo "1783"]
[BlackElo "1406"]

1. Nf3 d5 2. d4 Nf6 3. e3 e6 4. c4 Ne4 5. Nbd2 Bb4 6. a3 Bxd2+ 7. Nxd2 Nc6 8.
Nxe4 dxe4 9. c5 O-O 10. f3 b6 11. b4 exf3 12. Qxf3 e5 13. d5 Ne7 14. d6 Be6 15.
dxe7 Qxe7 16. Be2 a5 17. cxb6 Rad8 18. bxa5 Qd7 19. Bb2 Qd2+ 20. Kf2 Bd5 21. e4
Bc4 22. Bxe5 cxb6 23. Bc7 Rd3 24. Qg4 Qe3+ 25. Kf1 Rd2 26. Re1 Be6 27. Bxb6 Qxa3
28. Qf4 Qc3 29. h3 Bc4 30. Bxc4 Qxc4+ 31. Kg1 Rc2 32. Kh2 Qa2 33. Rhg1 h6 34.
Re3 g5 35. Rg3 Kh7 36. Qf5+ Kg7 37. h4 f6 38. Bd4 Qf7 39. hxg5 hxg5 40. Rxg5+
Kh8 41. Qh3+ Qh7 42. Rh5 Rf7 43. Rxh7+ Rxh7 44. Bxf6+ Kg8 45. Qxh7+ Kxh7 46. Ra1
Kg6 47. e5 Kf5 48. a6 Rc8 49. a7 Ra8 50. Kh3 Rxa7 51. Rxa7 Ke6 52. g4 Kd5 53. g5
Ke6 54. g6 Kf5 55. g7 1-0

[Event "Challenge"]
[Site "http://www.queenalice.com/game.php?id=328328"]
[Date "2007.12.30"]
[Round "-"]
[White "PHSP"]
[Black "ANUBIS_"]
[Result "1-0"]
[WhiteElo "1469"]
[BlackElo "1422"]

1. e4 e5 2. Nf3 Nf6 3. Bc4 d6 4. Ng5 Rg8 5. Bxf7+ Ke7 6. Bxg8 Nxg8 7. Qh5 Nh6 8.
d3 g6 9. Qh4 Bg4 10. f3 Be6 11. Nxe6+ Kxe6 12. Qxd8 Be7 13. Qxc7 Nd7 14. Bxh6
Rb8 15. Nc3 Bh4+ 16. g3 Bd8 17. Qc4+ Ke7 18. Nd5+ Ke8 19. O-O-O Ba5 20. b4 Bb6
21. Nc7+ Kd8 22. Bg5+ Kc8 23. Ne8+ Nc5 24. d4 Kd7 25. Qf7+ Kc6 26. a4 Nxa4 27.
Qd5+ Kd7 28. Qxd6+ Kxe8 29. Qxb8+ Kf7 30. Qxb7+ Kg8 31. Bf6 Kf8 32. Qf7+ Kxf7
33. Bg5 Bxd4 34. f4 Be3+ 35. Kb1 Nc3+ 36. Kb2 Na4+ 37. Kb3 Nb6 38. Rhe1 Bf2 39.
Re2 Bxg3 40. hxg3 exf4 41. gxf4 Kg7 42. Rd6 h6 43. Bf6+ Kf7 44. e5 h5 45. Bd8
Nc8 46. e6+ Ke8 47. Rd5 Nb6 48. Bxb6 axb6 49. e7 b5 50. Rd8+ Kf7 51. Rf8+ Kg7
52. e8=Q Kh6 53. Qxb5 1-0

[Event "Challenge"]
[Site "http://www.queenalice.com/game.php?id=331227"]
[Date "2008.1.5"]
[Round "-"]
[White "joaohumberto"]
[Black "ANUBIS_"]
[Result "1-0"]
[WhiteElo "1518"]
[BlackElo "1417"]

1. d4 d5 2. e3 e6 3. Nf3 Nf6 4. Bd2 Nc6 5. Ne5 Bd6 6. Nxc6 bxc6 7. a3 Ne4 8. f3
Nf6 9. g3 O-O 10. Bd3 e5 11. O-O e4 12. fxe4 Bxg3 13. hxg3 Qd6 14. e5 Qe6 15.
exf6 Qh3 16. Qe1 gxf6 17. Nc3 Bb7 18. Bf5 Qh5 19. Kg2 Ba6 20. Rf4 Bc8 21. g4 Qg5
22. Qg3 Bb7 23. Rh1 Kh8 24. Rxh7+ Kg8 25. Qh3 Qxf4 26. Rh8+ Kg7 27. Qh7# 1-0

[Event "Challenge"]
[Site "http://www.queenalice.com/game.php?id=385761"]
[Date "2008.4.11"]
[Round "-"]
[White "chapichapo"]
[Black "ANUBIS_"]
[Result "1-0"]
[WhiteElo "1853"]
[BlackElo "1408"]

1. e4 e5 2. Nf3 Nf6 3. Nxe5 Qe7 4. Nf3 Qxe4+ 5. Qe2 Bc5 6. Nc3 Qe6 7. Nb5 Na6 8.
Ng5 Qxe2+ 9. Bxe2 d6 10. O-O O-O 11. a3 Bg4 12. Bxg4 Nxg4 13. d4 Bb6 14. h3 Nf6
15. Be3 c5 16. Nxd6 cxd4 17. Bf4 Nc5 18. b4 Bc7 19. bxc5 Bxd6 20. Bxd6 b6 21.
cxb6 Rfc8 22. b7 Rab8 23. Bxb8 Rxb8 24. Rab1 h6 25. Nf3 Ne8 26. Nxd4 Nd6 27. Nc6
Rxb7 28. Rxb7 Nxb7 29. Rb1 Nd6 30. Nxa7 g5 31. Rd1 Nf5 32. c4 Kg7 33. c5 Ne7 34.
c6 Nxc6 35. Nxc6 Kg6 36. g4 f5 37. Rd6+ Kf7 38. gxf5 h5 39. f6 1-0

[Event "Challenge"]
[Site "http://www.queenalice.com/game.php?id=409916"]
[Date "2008.5.29"]
[Round "-"]
[White "ANUBIS_"]
[Black "joaohumberto"]
[Result "1-0"]
[WhiteElo "1404"]
[BlackElo "1609"]

1. e4 e5 2. Nf3 d6 3. Bc4 Nf6 4. d3 d5 5. Bxd5 c6 6. Bb3 h6 7. c4 g5 8. Nc3 g4
9. Nxe5 Bd6 10. c5 Bxc5 11. Nxf7 Rh7 12. Nxd8 Kxd8 13. d4 Bb6 14. Qd3 Rd7 15.
Ne2 h5 16. O-O Na6 17. Bg5 Rd6 18. e5 Nb4 19. Qg6 Ke7 20. exd6+ Kxd6 21. Qxf6+
Kd7 22. Qe7# 1-0

[Event "Challenge"]
[Site "http://www.queenalice.com/game.php?id=415363"]
[Date "2008.6.9"]
[Round "-"]
[White "ANUBIS_"]
[Black "joaohumberto"]
[Result "0-1"]
[WhiteElo "1428"]
[BlackElo "1672"]

1. e4 e5 2. b3 a6 3. Nf3 f6 4. d4 Nc6 5. d5 Nce7 6. Nc3 b5 7. a4 Bb7 8. Bd3 c5
9. Be3 d6 10. Nh4 h6 11. axb5 a5 12. O-O g5 13. Nf5 Nxf5 14. exf5 Ne7 15. Qh5+
Kd7 16. Qf7 Qe8 17. Qe6+ Kd8 18. Qxd6+ Qd7 19. Qxf6 Rh7 20. Qxe5 Nxd5 21. Nxd5
Bxd5 0-1

[Event "AUTO-OPEN-1164"]
[Site "http://www.queenalice.com/game.php?id=418858"]
[Date "2008.6.17"]
[Round "1"]
[White "Leonic"]
[Black "ANUBIS_"]
[Result "1-0"]
[WhiteElo "1992"]
[BlackElo "1408"]

1. e4 e5 2. Nf3 Bc5 3. Nxe5 Qe7 4. d4 Bd6 5. Bg5 Qxg5 6. h4 Qf6 7. Nf3 c5 8. e5
Qg6 9. exd6 Qxd6 10. Nc3 Nf6 11. Nb5 Qb6 12. dxc5 Qxc5 13. Nd6+ Ke7 14. Nb5 Re8
15. Be2 Na6 16. O-O Kf8 17. c4 d5 18. cxd5 Nxd5 19. Rc1 Qe7 20. Qxd5 Qxe2 21.
Rfe1 Qxb2 22. Qd6+ 1-0

[Event "AUTO-OPEN-1164"]
[Site "http://www.queenalice.com/game.php?id=418859"]
[Date "2008.6.17"]
[Round "1"]
[White "ANUBIS_"]
[Black "Leonic"]
[Result "0-1"]
[WhiteElo "1428"]
[BlackElo "1985"]

1. e4 c6 2. Nf3 d5 3. e5 Bf5 4. d4 e6 5. Bd3 Bg6 6. Bg5 Be7 7. Bxg6 hxg6 8. Qd2
Nd7 9. Bxe7 Nxe7 10. Nc3 Qa5 11. O-O c5 12. a4 Nf5 13. dxc5 Qxc5 14. Nb5 a6 15.
Nd6+ Nxd6 16. exd6 Qxd6 17. Ng5 Qxh2# 0-1

[Event "AUTO-OPEN-1164"]
[Site "http://www.queenalice.com/game.php?id=418892"]
[Date "2008.6.17"]
[Round "1"]
[White "jeancarlo1910"]
[Black "ANUBIS_"]
[Result "1-0"]
[WhiteElo "1780"]
[BlackElo "1404"]

1. d4 d5 2. Nf3 Nc6 3. Bf4 e6 4. e3 Bd6 5. Nc3 Bb4 6. Bb5 Nf6 7. Bg5 Bd7 8. Bxc6
Bxc6 9. O-O Bxc3 10. bxc3 Qd6 11. Ne5 Bb5 12. Bxf6 gxf6 13. Nxf7 Kxf7 14. Qh5+
Ke7 15. Rfe1 Kd7 16. f4 Rad8 17. Qf7+ Kc8 18. Qxf6 Qc6 19. Rab1 h5 20. f5 Qxc3
21. Qxe6+ Rd7 22. f6 Qxc2 23. f7 Rf8 24. Qe8+ Rd8 25. Qxb5 Rxf7 26. Qxb7+ Kd7
27. Rbc1 Qf2+ 28. Kh1 Rc8 29. Qxd5+ Ke7 30. h3 h4 31. Qg5+ Rf6 32. Rf1 Ke6 33.
Rxf2 Rxf2 34. Rc6+ Kd7 35. Qd5+ Ke8 36. Re6+ Kf8 37. Qc5+ Kg8 38. Qg5+ Kf7 39.
Re7+ 1-0

[Event "AUTO-OPEN-1164"]
[Site "http://www.queenalice.com/game.php?id=418893"]
[Date "2008.6.17"]
[Round "1"]
[White "ANUBIS_"]
[Black "jeancarlo1910"]
[Result "0-1"]
[WhiteElo "1408"]
[BlackElo "1700"]

1. e4 e5 2. d4 Nc6 3. dxe5 Nxe5 4. Nf3 Bd6 5. Bg5 Nxf3+ 6. Qxf3 Qxg5 7. Bc4 Qc1+
8. Qd1 Qxb2 9. Nd2 Nf6 10. O-O Qc3 11. Bb3 Be5 12. f4 Bd4+ 13. Rf2 Bxf2+ 14.
Kxf2 Qd4+ 15. Kf3 d6 16. h3 Be6 17. Kg3 Qe3+ 18. Kh2 Qxf4+ 19. g3 Qf2+ 20. Kh1
O-O-O 21. e5 Bxh3 22. Qg1 Qxd2 23. Rd1 Qh6 24. Qxa7 Be6+ 25. Kg2 Qh3+ 26. Kf2
Ne4+ 27. Ke3 Qxg3+ 28. Kxe4 Qxe5+ 29. Kd3 Bxb3 30. cxb3 Qd5+ 31. Kc2 Qc5+ 0-1

[Event "Challenge"]
[Site "http://www.queenalice.com/game.php?id=477027"]
[Date "2008.10.14"]
[Round "-"]
[White "ANUBIS_"]
[Black "igothedistance"]
[Result "1-0"]
[WhiteElo "1402"]
[BlackElo "1393"]

1. e4 c5 2. Qf3 Nc6 3. Bc4 Ne5 4. Qf5 Nxc4 5. Qxc5 Nb6 6. Nf3 e6 7. Qb5 Be7 8.
b3 Nf6 9. d3 O-O 10. Bh6 a6 11. Qg5 Kh8 12. Qxg7# 1-0

[Event "AUTO-INT-1083"]
[Site "http://www.queenalice.com/game.php?id=483894"]
[Date "2008.10.27"]
[Round "1"]
[White "PH_gga"]
[Black "ANUBIS_"]
[Result "0-1"]
[WhiteElo "1447"]
[BlackElo "1418"]

1. e4 e5 2. Nf3 d5 3. exd5 Qxd5 4. d3 Nf6 5. Nc3 Qc5 6. Be3 Qb4 7. Rb1 e4 8. Qd2
Bc5 9. Bxc5 Qxc5 10. dxe4 O-O 11. e5 Ng4 12. Ne4 Qb6 13. h3 f5 14. Qd5+ Be6 15.
Qd2 fxe4 16. hxg4 Bxg4 17. Qd5+ Kh8 18. Qxe4 Bxf3 19. gxf3 Nc6 20. Bd3 g6 21.
Qh4 h5 22. Bxg6 Nxe5 23. Be4 Kg7 24. Qg5+ Kf7 25. Qxe5 Rae8 26. Qxh5+ Ke7 27.
Qg5+ Rf6 28. Rh7+ Kd8 29. Kf1 Rxe4 30. fxe4 Qxf2# 0-1

[Event "AUTO-INT-1083"]
[Site "http://www.queenalice.com/game.php?id=483895"]
[Date "2008.10.27"]
[Round "1"]
[White "ANUBIS_"]
[Black "PH_gga"]
[Result "1-0"]
[WhiteElo "1446"]
[BlackElo "1434"]

1. e4 e5 2. Nf3 d6 3. Bc4 Nf6 4. Ng5 Be6 5. Bxe6 fxe6 6. Nxe6 Qd7 7. Nxf8 Kxf8
8. d4 Nxe4 9. c3 Qf5 10. f3 Ng5 11. O-O Qg6 12. f4 Nh3+ 13. Kh1 exf4 14. gxh3
Qe4+ 15. Kg1 g5 16. Nd2 Qe3+ 17. Kg2 Nc6 18. Nf3 Qe4 19. Re1 Qd5 20. Kf2 Re8 21.
c4 Qxc4 22. b3 Qc3 23. Ba3 Rxe1 24. Nxe1 Qe3+ 25. Kg2 Nxd4 26. Bc1 Qe4+ 27. Nf3
Nxf3 28. Qxf3 Qb4 29. Qg4 Qc3 30. Rb1 a5 31. Qc8+ Ke7 32. Qxb7 h5 33. Qe4+ Kd7
34. h4 gxh4 35. Bxf4 Rg8+ 36. Kf2 Qc5+ 37. Kf3 d5 38. Rd1 Qc3+ 39. Qd3 Qc5 40.
Qh7+ Qe7 41. Qxg8 c6 42. Qb8 Ke6 43. Re1+ Kf7 44. Rxe7+ Kxe7 45. Qd6+ 1-0

[Event "AUTO-INT-1083"]
[Site "http://www.queenalice.com/game.php?id=483908"]
[Date "2008.10.27"]
[Round "1"]
[White "ANUBIS_"]
[Black "lifelessons"]
[Result "1-0"]
[WhiteElo "1421"]
[BlackElo "1645"]

1. e4 e5 2. Nf3 d6 3. Bc4 Be7 4. d4 exd4 5. Qxd4 Nf6 6. O-O O-O 7. Bh6 c5 8. Qd2
Nxe4 9. Qd5 Nf6 10. Qg5 Ne8 11. Qg3 Bf6 12. Nc3 Nc6 13. Ne4 Kh8 14. Nxf6 Qxf6
15. Bg5 Qg6 16. c3 Be6 17. Nh4 Qe4 18. Bd3 Qe5 19. f4 Qd5 20. f5 Bd7 21. f6 Qe5
22. Qxe5 Nxe5 23. fxg7+ Kxg7 24. Be4 f6 25. Bf4 f5 26. Bd5 Rb8 27. Rae1 Nd3 28.
Re7+ Kh8 29. Rxd7 Nxf4 30. Rxf4 Nf6 31. Rxd6 Rbe8 32. Rxf5 Kg7 33. Bxb7 Re1+ 34.
Kf2 Rc1 35. a3 Rc2+ 36. Kf3 h5 37. Rg5+ Kh7 38. b4 Rxc3+ 39. Kf4 1-0

[Event "AUTO-INT-1083"]
[Site "http://www.queenalice.com/game.php?id=483909"]
[Date "2008.10.27"]
[Round "1"]
[White "lifelessons"]
[Black "ANUBIS_"]
[Result "1-0"]
[WhiteElo "1846"]
[BlackElo "1423"]

1. Nf3 d5 2. g3 Nc6 3. Bg2 e5 4. O-O Bg4 5. b3 Bc5 6. Bb2 f6 7. d3 Nh6 8. Nbd2
O-O 9. Ne1 d4 10. Ne4 f5 11. Nxc5 b6 12. Ne6 Qe7 13. Nxf8 Rxf8 14. Bxc6 Bh3 15.
Qb1 Bxf1 16. Kxf1 f4 17. Qc1 Ng4 18. Ba3 Nxh2+ 19. Kg2 fxg3 20. fxg3 Qf7 21. Bf3
Re8 22. Kxh2 e4 23. dxe4 Qf6 24. Qf4 Qc6 25. Qd2 a5 26. Qxd4 Qh6+ 27. Kg2 c5 28.
Qd7 Qf6 29. Qxe8+ Qf8 30. Qxf8+ 1-0

[Event "AUTO-INT-1083"]
[Site "http://www.queenalice.com/game.php?id=483910"]
[Date "2008.10.27"]
[Round "1"]
[White "ANUBIS_"]
[Black "QuinhoFogo"]
[Result "0-1"]
[WhiteElo "1435"]
[BlackElo "1692"]

1. e4 e5 2. Nf3 d6 3. Bc4 Nf6 4. Ng5 Bg4 5. f3 Bh5 6. d4 d5 7. Bd3 exd4 8. e5
Qe7 9. O-O Ne4 10. fxe4 Bg6 11. Qe2 Nd7 12. exd5 Nxe5 13. c3 Bxd3 14. Qe4 Bxf1
15. Kxf1 h6 16. Nf3 f6 17. Qxd4 Nxf3 18. gxf3 O-O-O 19. Qxa7 Rxd5 20. Bf4 Rd1+
21. Kf2 Qc5+ 22. Qxc5 Bxc5+ 23. Kg3 Rg1+ 24. Kh3 g5 25. b4 gxf4 26. bxc5 c6 27.
a4 Rhg8 28. Ra2 f5 29. Nd2 R8g5 30. Ne4 fxe4 31. fxe4 f3 0-1

[Event "AUTO-INT-1083"]
[Site "http://www.queenalice.com/game.php?id=483911"]
[Date "2008.10.27"]
[Round "1"]
[White "QuinhoFogo"]
[Black "ANUBIS_"]
[Result "1-0"]
[WhiteElo "1683"]
[BlackElo "1429"]

1. d4 d5 2. Nc3 Nc6 3. Nf3 Bg4 4. e4 dxe4 5. Nxe4 e6 6. Be2 Bb4+ 7. Bd2 f5 8.
Nc5 b6 9. Nb7 Qc8 10. Ba6 Nf6 11. Nd6+ cxd6 12. Bxc8 Rxc8 13. c3 Nxd4 14. O-O
O-O 15. cxd4 Bxf3 16. gxf3 a5 17. Bxb4 axb4 18. b3 e5 19. dxe5 dxe5 20. Re1 e4
21. fxe4 Nxe4 22. Qd4 Rf6 23. Rac1 Nc3 24. Qd7 Rg6+ 25. Kh1 Rf8 26. Re8 Rf6 27.
Rg1 g6 28. Rxf8+ Rxf8 29. Re1 Nxa2 30. Re8 Nc1 31. Qe6+ Kg7 32. Re7+ Kh6 33.
Qe3+ 1-0